Statistics for Saturday Stumper #2

Click here to take the quiz!

General Stats

  • This quiz has been taken 20,925 times
  • The average score is 14 of 27

Answer Stats

HintAnswer% Correct
trolControl
80%
ipseEclipse
78%
agueVague
78%
rrorTerror
74%
valryCavalry
71%
rrorMirror
71%
plainExplain
70%
rrorHorror
69%
plainComplain
66%
almPsalm
64%
ordChord
62%
valryChivalry
61%
aguePlague
57%
trolPetrol
54%
ordSword
53%
trolPatrol
51%
valryRivalry
51%
gnantPregnant
47%
ordFjord
45%
ipseEllipse
38%
almRealm
38%
gnantStagnant
38%
almQualm
33%
agueLeague
25%
gnantPoignant
23%
plainChaplain
10%
ipseTraipse
9%

Score Distribution

Percentile by Number Answered

Percent of People with Each Score

Your Score History

You have not taken this quiz